[Event "Rubistein"]
[Site "SchemingMind.com"]
[Date "2012.02.15"]
[Round "-"]
[White "jtrochez1"]
[Black "fouche"]
[Result "0-1"]
[WhiteCountry "HON"]
[BlackCountry "COL"]
[WhiteElo "1553"]
[WhiteRD "50"]
[BlackElo "1554"]
[BlackRD "85"]
[GameID "303461"]

1. e4 e6 2. d4 d5 3. e5 c5 4. c3 Nc6 5. Nf3 Bd7 6. b3 cxd4 7. Nxd4 Nxe5 8. Be2 Nf6 9. Bg5 Be7 10. O-O a6
11. Nd2 O-O 12. h3 h6 13. Be3 Rc8 14. Rc1 Nc6 15. Nxc6 bxc6 16. Bf3 e5 17. Be2 Be6 18. Bxa6 Ra8 19. Bb7 Rxa2 20. Bxc6 Qc7
21. Ba4 Ba3 22. Ra1 Rxa1 23. Qxa1 Bd6 24. Rc1 Ra8 25. f3 e4 26. Nf1 Be5 27. Bd4 exf3 28. Bxe5 Qxe5 29. c4 f2+ 30. Kxf2 Ne4+
31. Kg1 Qf4 32. Qb2 dxc4 33. Bc6 Rb8 34. Bxe4 Qxe4 35. b4 Bd5 36. Ng3 Qe3+ 37. Kh1 Qxg3 38. Kg1 Qb3 39. Qd2 Be6 40. Qd6 Qxb4
41. Qxb4 Rxb4 42. Kf1 Kf8 43. h4 Bf5
0-1

[Event "Rubistein"]
[Site "SchemingMind.com"]
[Date "2012.02.15"]
[Round "-"]
[White "fouche"]
[Black "jtrochez1"]
[Result "0-1"]
[WhiteCountry "COL"]
[BlackCountry "HON"]
[WhiteElo "1590"]
[WhiteRD "129"]
[BlackElo "1656"]
[BlackRD "48"]
[GameID "303462"]

1. e4 e5 2. f4 d6 3. Nf3 Bg4 4. Bc4 Nf6 5. d3 Nbd7 6. O-O Nb6 7. Nc3 Nxc4 8. dxc4 a6 9. Be3 Be7 10. h3 Bh5
11. Qe2 O-O 12. Rad1 exf4 13. Bxf4 Ne8 14. c5 Qc8 15. cxd6 cxd6 16. e5 Qc5+ 17. Kh1 Bd8 18. exd6 Qb4 19. d7 Nf6 20. Bc1 Qb6
21. Nd5 Qc6 22. Nxf6+ Bxf6 23. Qd3 Rad8 24. Rd2 Bxf3 25. Rxf3 Bg5 26. Rd1 Bxc1 27. Rxc1 Rxd7 28. Qe4 Qxe4
0-1

[Event "Rubistein"]
[Site "SchemingMind.com"]
[Date "2012.02.19"]
[Round "-"]
[White "Francisco Aquino"]
[Black "jtrochez1"]
[Result "1/2-1/2"]
[WhiteCountry "BRA"]
[BlackCountry "HON"]
[WhiteElo "1736"]
[WhiteRD "72"]
[BlackElo "1656"]
[BlackRD "48"]
[GameID "303709"]

1. e4 e5 2. Nf3 Nc6 3. Bb5 d6 4. d4 exd4 5. Nxd4 Bd7 6. Nc3 Nf6 7. Bg5 Be7 8. O-O a6 9. Bxc6 bxc6 10. Re1 O-O
11. e5 dxe5 12. Rxe5 Bd6 13. Re1 Be7 14. Qf3 Re8 15. Nxc6 Bxc6 16. Qxc6 Qd6 17. Qxd6 cxd6 18. Rad1 Rad8 19. f3 h6 20. Bxf6 Bxf6
21. Rxe8+ Rxe8 22. Rxd6 Bxc3 23. bxc3 Re1+ 24. Kf2 Rc1 25. Rxa6 Rxc2+ 26. Kg3 Rxc3 27. a4 Kh7 28. a5 Ra3 29. Ra8 f6 30. a6 Kg6
31. a7 Kg5 32. Rg8 Rxa7 33. h3=
1/2-1/2

[Event "Rubistein"]
[Site "SchemingMind.com"]
[Date "2012.02.19"]
[Round "-"]
[White "Francisco Aquino"]
[Black "fouche"]
[Result "1-0"]
[WhiteCountry "BRA"]
[BlackCountry "COL"]
[WhiteElo "1736"]
[WhiteRD "72"]
[BlackElo "1590"]
[BlackRD "129"]
[GameID "303710"]

1. e4 d6 2. d4 Nf6 3. Nc3 g6 4. Bg5 Bg7 5. Nf3 Nbd7 6. Bc4 O-O 7. O-O a6 8. Re1 b5 9. Bf1 Bb7 10. a3 h6
11. Bh4 Kh7 12. Bd3 Rc8 13. Qe2 c5 14. e5 dxe5 15. dxe5 Nd5 16. Nxd5 Bxd5 17. c4 Bc6 18. e6 Nf6 19. exf7 Rxf7 20. Ne5 Qd4
21. Bxg6+ Kg8 22. Bxf7+ Kf8 23. Nxc6 Rxc6 24. Qxe7#
1-0

[Event "Rubistein"]
[Site "SchemingMind.com"]
[Date "2012.02.19"]
[Round "-"]
[White "jtrochez1"]
[Black "Francisco Aquino"]
[Result "0-1"]
[WhiteCountry "HON"]
[BlackCountry "BRA"]
[WhiteElo "1553"]
[WhiteRD "50"]
[BlackElo "1727"]
[BlackRD "71"]
[GameID "303711"]

1. e4 e5 2. Nf3 Nc6 3. Bc4 Nf6 4. d3 Bc5 5. h3 O-O 6. O-O d6 7. a3 Be6 8. Nbd2 a6 9. Bxe6 fxe6 10. Nb3 Ba7
11. Bg5 Qe8 12. Be3 Qg6 13. Bxa7 Nxa7 14. Nh2 Rf7 15. f4 exf4 16. Rxf4 Raf8 17. Ng4 e5 18. Nxf6+ Rxf6 19. Rxf6 Rxf6 20. Qd2 Qg3
21. Rf1 Rh6 22. Rf3 Qh4 23. Qf2 Qxf2+ 24. Rxf2 Nc6 25. c3 Rf6 26. Rxf6 gxf6 27. g4 Kg7 28. Kg2 Kg6 29. Kg3 Ne7 30. d4 h6
31. h4 b6 32. d5 a5 33. c4 h5 34. a4 Kh6 35. Nd2 Ng6 36. Nf3 hxg4 37. Kxg4 Nf4 38. Kf5 Nd3 39. b3 Nc5 40. Nd2 Kg7
41. h5 Kh6 42. Kxf6 Kxh5 43. Ke7 Kg5 44. Kd8 Na6 45. Kc8 Kf4 46. Kb7 Nc5+ 47. Kxc7 Ke3 48. Nb1 Kxe4 49. b4 axb4 50. Kxd6 Nxa4
51. Kc6 Kd4 52. d6 Nc5 53. Kxb6 Kxc4 54. Kc7 e4 55. Nd2+ Kd5 56. Nb3 Ne6+ 57. Kd7 e3 58. Nc1 b3 59. Nxb3 e2
0-1

[Event "Rubistein"]
[Site "SchemingMind.com"]
[Date "2012.02.19"]
[Round "-"]
[White "fouche"]
[Black "Francisco Aquino"]
[Result "0-1"]
[WhiteCountry "COL"]
[BlackCountry "BRA"]
[WhiteElo "1554"]
[WhiteRD "85"]
[BlackElo "1727"]
[BlackRD "71"]
[GameID "303712"]

1. e4 e5 2. Nf3 Nc6 3. Bb5 Nf6 4. O-O Be7 5. Re1 d6 6. d4 O-O 7. dxe5 Nxe5 8. Nxe5 dxe5 9. Nc3 Bg4 10. Qxd8 Raxd8
11. Be3 c6 12. Ba4 b5 13. Bb3 Bb4 14. f3 Bh5 15. Red1 Bxc3 16. bxc3 Rxd1+ 17. Rxd1 h6 18. Bxa7 Ra8 19. Bc5 Nxe4 20. Rd7 Nxc5
21. Rc7 Nxb3 22. cxb3 Rxa2 23. Rxc6 Rb2 24. c4 Rxb3 25. c5 Rc3 26. Rc8+ Kh7 27. c6 b4 28. c7 b3 29. Rb8 Rxc7 30. Rxb3 f6
31. Kf2 Bf7 32. Ra3 Rc2+ 33. Kg3 e4 34. fxe4 Rb2 35. Rc3 Rb3
0-1

[Event "Rubistein"]
[Site "SchemingMind.com"]
[Date "2012.02.23"]
[Round "-"]
[White "emvarela"]
[Black "fouche"]
[Result "1-0"]
[WhiteCountry "ARG"]
[BlackCountry "COL"]
[WhiteElo "1819"]
[WhiteRD "48"]
[BlackElo "1554"]
[BlackRD "85"]
[GameID "303898"]

1. e4 c5 2. Nf3 Nc6 3. d4 cxd4 4. Nxd4 Nf6 5. Nc3 e5 6. Ndb5 d6 7. Bg5 Be7 8. Bxf6 gxf6 9. Nd5 a6 10. Nbc7+ Kf8
11. Nxa8 Qa5+ 12. c3 b5 13. b4 Qd8 14. Nab6 f5 15. Nxc8 Qxc8 16. Nxe7 Kxe7 17. exf5 f6 18. Qd3 Rd8 19. Qh3 Rh8 20. Qh6 Kf7
21. Be2 Qxf5 22. Bh5+ Ke6 23. h3 Qc2 24. Bg4+ Kf7 25. Bh5+ Ke6 26. O-O Qxc3 27. Qg7
1-0

[Event "Rubistein"]
[Site "SchemingMind.com"]
[Date "2012.02.23"]
[Round "-"]
[White "emvarela"]
[Black "Francisco Aquino"]
[Result "1/2-1/2"]
[WhiteCountry "ARG"]
[BlackCountry "BRA"]
[WhiteElo "1819"]
[WhiteRD "48"]
[BlackElo "1727"]
[BlackRD "71"]
[GameID "303899"]

1. e4 e5 2. Nf3 Nc6 3. Bb5 Nf6 4. O-O d6 5. d4 Bd7 6. Nc3 exd4 7. Nxd4 Nxd4 8. Qxd4 c6 9. Be2 Be7 10. Bf4 Be6
11. Rfd1 d5 12. exd5 Bxd5 13. Nxd5 Nxd5 14. c4 Nf6 15. Qxd8+ Rxd8 16. Rxd8+ Bxd8 17. Re1 O-O 18. Bf3 Re8=
1/2-1/2

[Event "Rubistein"]
[Site "SchemingMind.com"]
[Date "2012.02.23"]
[Round "-"]
[White "jtrochez1"]
[Black "emvarela"]
[Result "0-1"]
[WhiteCountry "HON"]
[BlackCountry "ARG"]
[WhiteElo "1553"]
[WhiteRD "50"]
[BlackElo "1819"]
[BlackRD "48"]
[GameID "303900"]

1. e4 e5 2. Nf3 Nc6 3. d4 exd4 4. Nxd4 Bc5 5. Nf3 Nf6 6. Bg5 Bxf2+ 7. Ke2 Bb6 8. Nc3 h6 9. Be3 Bxe3 10. Kxe3 d6
11. h3 Be6
0-1

[Event "Rubistein"]
[Site "SchemingMind.com"]
[Date "2012.02.23"]
[Round "-"]
[White "fouche"]
[Black "emvarela"]
[Result "0-1"]
[WhiteCountry "COL"]
[BlackCountry "ARG"]
[WhiteElo "1567"]
[WhiteRD "79"]
[BlackElo "1778"]
[BlackRD "48"]
[GameID "303901"]

1. d4 Nf6 2. c4 e6 3. Nc3 Bb4 4. Bd2 O-O 5. Nf3 b6 6. e3 Bb7 7. Bd3 d6 8. O-O Nbd7 9. a3 Bxc3 10. bxc3 c5
11. Re1 Bxf3 12. Qxf3 Qc7 13. e4 cxd4 14. cxd4 e5 15. Be3 exd4 16. Bxd4 Ne5 17. Qe2 Rac8 18. Rac1 Nxd3 19. Qxd3 Qe7 20. h3 Rfe8
21. f3 Nd7 22. f4 Nc5 23. Qg3 f6 24. e5 dxe5 25. fxe5 fxe5 26. Bxe5 Ne6 27. a4 Qc5+ 28. Kh1 Qf8 29. a5 bxa5 30. Bd6 Qf7
31. c5 Rc6 32. Rf1 Qd7 33. Rfe1 Rec8 34. Qa3 Ra6 35. Red1 Rcc6 36. Qa4 Qf7 37. Qb5 h6 38. Qb8+ Kh7 39. Qb1+ Qg6 40. Qxg6+ Kxg6
41. Kh2 a4 42. Ra1 Nxc5 43. Bxc5 Rxc5 44. Ra3 Rc4 45. Rda1 Kh5 46. R1a2 g5 47. g3 g4 48. hxg4+ Kxg4 49. Kg2 h5 50. Rf2= Rb6
51. Rfa2 h4 52. gxh4 Kxh4 53. Kf2 Rbb4 54. Kg2= Rg4+ 55. Kf2 Rbf4+ 56. Ke2 Kg5 57. Kd2 Rg2+ 58. Kc3 Rg3+ 59. Kb2 Rf2+
0-1

[Event "Rubistein"]
[Site "SchemingMind.com"]
[Date "2012.02.23"]
[Round "-"]
[White "Francisco Aquino"]
[Black "emvarela"]
[Result "1/2-1/2"]
[WhiteCountry "BRA"]
[BlackCountry "ARG"]
[WhiteElo "1727"]
[WhiteRD "71"]
[BlackElo "1819"]
[BlackRD "48"]
[GameID "303902"]

1. e4 e5 2. Nf3 Nc6 3. Bb5 f5 4. Bxc6 dxc6 5. Nxe5 Qd4 6. f4 Qxe4+ 7. Qe2 Qxe2+ 8. Kxe2 Bd6 9. Nc3 Nf6 10. d4 Bxe5
11. dxe5 Nd5 12. Bd2 Nxc3+ 13. Bxc3 Be6 14. a3 Bd5 15. Rhg1 O-O-O 16. g3 Bc4+ 17. Kf3=
1/2-1/2

[Event "Rubistein"]
[Site "SchemingMind.com"]
[Date "2012.02.23"]
[Round "-"]
[White "smothered mate"]
[Black "jtrochez1"]
[Result "1-0"]
[WhiteCountry "POL"]
[BlackCountry "HON"]
[WhiteElo "1994"]
[WhiteRD "71"]
[BlackElo "1553"]
[BlackRD "50"]
[GameID "304044"]

1. e4 e5 2. Nf3 Nc6 3. Bb5 d6 4. O-O Bd7 5. c3 Nb8 6. Bd3 Be7 7. Bc2 Bb5 8. Re1 Nc6 9. a4 Bc4 10. Na3 Be6
11. d4 exd4 12. cxd4 Bg4 13. Be3 Bg5 14. e5 dxe5 15. Bxg5 f6 16. Nxe5 Bxd1 17. Nxc6+ Ne7 18. Nxd8 Rxd8 19. Raxd1 fxg5 20. Re5 Rd5
21. Rde1 Rxe5 22. Rxe5 a6 23. Be4 c6 24. Nc4 Kd8 25. Nd6
1-0

[Event "Rubistein"]
[Site "SchemingMind.com"]
[Date "2012.02.23"]
[Round "-"]
[White "smothered mate"]
[Black "fouche"]
[Result "1-0"]
[WhiteCountry "POL"]
[BlackCountry "COL"]
[WhiteElo "1994"]
[WhiteRD "71"]
[BlackElo "1554"]
[BlackRD "85"]
[GameID "304045"]

1. d4 e6 2. c4 d5 3. a3 Nf6 4. Nc3 Be7 5. Nf3 O-O 6. e3 c5 7. dxc5 Bxc5 8. b4 Be7 9. Bb2 a5 10. Qb3 Bd7
11. cxd5 exd5 12. b5 Be6 13. Nd4 b6 14. Be2 Bd6 15. Bf3 Be5 16. Na4 Ra7 17. Nxe6 fxe6 18. Bxe5 Nbd7 19. Bd4 e5 20. Bxd5+ Kh8
21. Bb2 Nc5 22. Nxc5 Nxd5 23. Ne6 Qf6 24. Nxf8 Qxf8 25. Qxd5 Re7 26. O-O
1-0

[Event "Rubistein"]
[Site "SchemingMind.com"]
[Date "2012.02.23"]
[Round "-"]
[White "smothered mate"]
[Black "Francisco Aquino"]
[Result "1-0"]
[WhiteCountry "POL"]
[BlackCountry "BRA"]
[WhiteElo "1994"]
[WhiteRD "71"]
[BlackElo "1727"]
[BlackRD "71"]
[GameID "304046"]

1. e4 e5 2. Nf3 Nc6 3. Bb5 Nf6 4. O-O d6 5. Bxc6+ bxc6 6. d3 Bg4 7. Be3 Be7 8. Nbd2 O-O 9. h3 Bh5 10. g4 Bg6
11. Nh4 Qd7 12. Nf5 d5 13. Nf3 dxe4 14. Nxe5 Qe6 15. Nxc6 Bxf5 16. Nxe7+ Qxe7 17. gxf5 exd3 18. c3 Qd6 19. Bd4 c5 20. Bxf6 gxf6
21. Qh5 Kh8 22. f4 Rg8+ 23. Kh2 Qd5 24. Rg1 d2 25. Rg4 d1=Q 26. Rxd1 Qxa2 27. Rdg1 Rxg4 28. Qxg4 Qxb2+ 29. Rg2 Qxg2+ 30. Qxg2 Rb8
31. Qc6 Kg7 32. Qxc5 a6 33. Qa7 Rb2+ 34. Kg3 Rb3 35. Kh4 Rxc3 36. Qxa6 Rf3 37. Qc4 Kh6 38. Qe4 Rb3 39. Qg2 Rd3 40. Qg8 Rb3
41. Qf8#
1-0

[Event "Rubistein"]
[Site "SchemingMind.com"]
[Date "2012.02.25"]
[Round "-"]
[White "smothered mate"]
[Black "emvarela"]
[Result "1-0"]
[WhiteCountry "POL"]
[BlackCountry "ARG"]
[WhiteElo "1994"]
[WhiteRD "71"]
[BlackElo "1819"]
[BlackRD "48"]
[GameID "304047"]

1. d4 Nf6 2. c4 e6 3. a3 b6 4. e3 Bb7 5. Nc3 d5 6. Nf3 Nbd7 7. Bd3 dxc4 8. Bxc4 Be7 9. O-O O-O 10. Qe2 c5
11. Rd1 Bxf3 12. Qxf3 cxd4 13. exd4 Qc7 14. Ba2 Rfc8 15. Bf4 Bd6 16. Nb5
1-0

[Event "Rubistein"]
[Site "SchemingMind.com"]
[Date "2012.02.24"]
[Round "-"]
[White "jtrochez1"]
[Black "smothered mate"]
[Result "0-1"]
[WhiteCountry "HON"]
[BlackCountry "POL"]
[WhiteElo "1553"]
[WhiteRD "50"]
[BlackElo "1994"]
[BlackRD "71"]
[GameID "304048"]

1. e4 d5 2. e5 c5 3. Bb5+ Bd7 4. Be2 Nc6 5. Nf3 Qc7 6. O-O Nxe5 7. d4 Nxf3+ 8. Bxf3 cxd4 9. Bxd5 e6 10. Bb3 Bc5
11. c4 O-O-O 12. Nd2 Bc6 13. Nf3 Nf6 14. Bg5 Ng4 15. Bxd8 Rxd8 16. g3 h5 17. a3 h4 18. Ba4 hxg3 19. hxg3 d3 20. Kg2 Bxf2
21. Rxf2 Ne3+ 22. Kg1 Qxg3+
0-1

[Event "Rubistein"]
[Site "SchemingMind.com"]
[Date "2012.02.23"]
[Round "-"]
[White "fouche"]
[Black "smothered mate"]
[Result "0-1"]
[WhiteCountry "COL"]
[BlackCountry "POL"]
[WhiteElo "1554"]
[WhiteRD "85"]
[BlackElo "1994"]
[BlackRD "71"]
[GameID "304049"]

1. f4 e5 2. fxe5 d6 3. e4 Qh4+ 4. Ke2 Qxe4+ 5. Kf2 Qd4+ 6. Ke2 dxe5 7. Nf3 Bg4 8. d3 Bc5 9. Kd2 Qd6 10. Nc3 Nf6
11. Be2 e4 12. Ng5 Qf4+
0-1

[Event "Rubistein"]
[Site "SchemingMind.com"]
[Date "2012.02.23"]
[Round "-"]
[White "Francisco Aquino"]
[Black "smothered mate"]
[Result "0-1"]
[WhiteCountry "BRA"]
[BlackCountry "POL"]
[WhiteElo "1727"]
[WhiteRD "71"]
[BlackElo "1994"]
[BlackRD "71"]
[GameID "304050"]

1. e4 d5 2. exd5 Qxd5 3. Nc3 Qd6 4. Nf3 Nf6 5. Bb5+ c6 6. Be2 Bf5 7. O-O Nbd7 8. d4 e6 9. Bg5 h6 10. Bh4 g5
11. Bg3 Qe7 12. Re1 Bg7 13. Bd3 Bxd3 14. Qxd3 Rd8 15. Rad1 O-O 16. h4 g4 17. Ne5 Nxe5 18. Bxe5 Nh5 19. Bxg7 Kxg7 20. d5 Qxh4
21. g3 Qf6 22. Qd4 Qxd4 23. Rxd4 Nf6 24. Ra4 exd5 25. Rxa7 Rd7 26. Na4 b5 27. Rxd7 Nxd7 28. Nc3 Nf6 29. Kg2 d4 30. Ne4 Re8
31. f3 Nd5 32. Kf2 gxf3 33. Kxf3 f5 34. a3 fxe4+ 35. Rxe4 Rf8+ 36. Ke2 c5 37. Re5 Rd8 38. Kd3 Kf6 39. Rh5= Kg6 40. Re5 Rd6
41. Kd2 Nf6 42. Kd3 Rd5 43. Re2 c4+ 44. Kd2 Rg5 45. Rg2 Ne4+ 46. Ke2 Rxg3
0-1

[Event "Rubistein"]
[Site "SchemingMind.com"]
[Date "2012.02.25"]
[Round "-"]
[White "emvarela"]
[Black "smothered mate"]
[Result "0-1"]
[WhiteCountry "ARG"]
[BlackCountry "POL"]
[WhiteElo "1803"]
[WhiteRD "48"]
[BlackElo "1967"]
[BlackRD "65"]
[GameID "304051"]

1. e4 d5 2. exd5 Qxd5 3. Nc3 Qd6 4. d4 Nf6 5. Nf3 a6 6. Bd3 Bg4 7. h3 Bh5 8. g4 Bg6 9. g5 Nd5 10. Nxd5 Qxd5
11. c4 Qd8 12. Bxg6 hxg6 13. Ne5 Nd7 14. Be3 Nxe5 15. dxe5 e6 16. Qxd8+ Rxd8 17. Rd1 Bb4+ 18. Bd2 Bxd2+ 19. Rxd2 Rh4 20. b3 Ke7
21. Rxd8 Kxd8 22. f3 Rf4 23. Kf2 Rf5 24. h4 Rxe5 25. Rd1+ Ke7 26. f4 Re4 27. Kf3 f5 28. Rd2 Re1 29. Kf2 Rh1 30. Kg3 Ra1
31. Kf2 a5 32. a4 Rb1 33. Rd3 Rb2+ 34. Kf3 c6 35. Kg3 Re2 36. Kf3 Re4 37. Kg3 e5 38. fxe5 Rxe5 39. Kf3 Re4 40. Re3 Rxe3+
41. Kxe3 c5 42. Kf4 Ke6
0-1

[Event "Rubistein"]
[Site "SchemingMind.com"]
[Date "2012.02.28"]
[Round "-"]
[White "keen"]
[Black "jtrochez1"]
[Result "1-0"]
[WhiteCountry "SCO"]
[BlackCountry "HON"]
[WhiteElo "1666"]
[WhiteRD "60"]
[BlackElo "1553"]
[BlackRD "50"]
[GameID "304390"]

1. e4 e5 2. Nf3 Nc6 3. Bb5 d6 4. d4 exd4 5. Nxd4 Bd7 6. Nxc6 bxc6 7. Bc4 Nf6 8. Nc3 Be7 9. O-O a5 10. Bg5 h6
11. Bh4 O-O 12. h3
1-0

[Event "Rubistein"]
[Site "SchemingMind.com"]
[Date "2012.02.28"]
[Round "-"]
[White "keen"]
[Black "fouche"]
[Result "0-1"]
[WhiteCountry "SCO"]
[BlackCountry "COL"]
[WhiteElo "1697"]
[WhiteRD "59"]
[BlackElo "1578"]
[BlackRD "76"]
[GameID "304391"]

1. e4 c5 2. c3 Nc6 3. Nf3 d6 4. g3 Nf6 5. d3 g6 6. Bg2 Bg7 7. O-O O-O 8. Nbd2 Bd7 9. Re1 Qc8 10. Nf1 Rb8
11. Ne3 b5 12. Nd5 e6 13. Nf4 a5 14. d4 cxd4 15. cxd4 e5 16. dxe5 dxe5 17. Nd3 Re8 18. Bd2 b4 19. Nc5 Rb5 20. Nxd7 Qxd7
21. Rc1 Ng4 22. Bh3 h5 23. Nh4 Nd4 24. Be3 Qb7 25. Ng2 f5 26. Bg5 fxe4 27. Nh4 Nf3+ 28. Nxf3 exf3 29. Re3 Nxe3 30. Bxe3 Kh7
31. Bf1 e4 32. Bxb5 Qxb5 33. Rc7 Kh8 34. Qc1 a4 35. Ra7 b3 36. Qc7 Qe5 37. Qd7 bxa2 38. Rxa4 Qxb2 39. Qxe8+ Kh7 40. h4 Qb1+
41. Kh2 Qf1
0-1

[Event "Rubistein"]
[Site "SchemingMind.com"]
[Date "2012.02.28"]
[Round "-"]
[White "keen"]
[Black "smothered mate"]
[Result "0-1"]
[WhiteCountry "SCO"]
[BlackCountry "POL"]
[WhiteElo "1666"]
[WhiteRD "60"]
[BlackElo "1994"]
[BlackRD "71"]
[GameID "304392"]

1. e4 c5 2. c3 a6 3. Nf3 Nc6 4. g3 g6 5. Bg2 Bg7 6. O-O e5 7. d3 h6 8. Be3 Qe7 9. Nbd2 Nf6 10. Nc4 b5
11. Nb6 Rb8 12. Nxc8 Rxc8 13. Re1 O-O 14. Qc1 Kh7 15. h3 Ng8 16. Nh2 f5 17. exf5 gxf5 18. d4 cxd4 19. Bd2 d3 20. Qd1 e4
21. Qh5 Qd6 22. Nf1 Nce7 23. Rad1 Nf6 24. Be3 Nxh5
0-1

[Event "Rubistein"]
[Site "SchemingMind.com"]
[Date "2012.02.28"]
[Round "-"]
[White "keen"]
[Black "Francisco Aquino"]
[Result "0-1"]
[WhiteCountry "SCO"]
[BlackCountry "BRA"]
[WhiteElo "1666"]
[WhiteRD "60"]
[BlackElo "1727"]
[BlackRD "71"]
[GameID "304393"]

1. e4 e5 2. Nf3 Nc6 3. Bb5 Nf6 4. d3 d6 5. O-O Bg4 6. Nbd2 Be7 7. Re1 O-O 8. c3 a6 9. Ba4 b5 10. Bc2 Re8
11. Nf1 Bf8 12. h3 Bh5 13. Ng3 Bg6 14. Nh4 Ne7 15. Nf1 d5 16. Ng3 dxe4 17. Nxg6 Nxg6 18. dxe4 Qxd1 19. Rxd1 Rad8 20. Be3 h6
21. Kh2 Kh7 22. Nf5 Ne7 23. Ng3 Nc6 24. Bb3 Kg8 25. Nf5 Nxe4 26. Nh4 Nd6 27. Nf3 Nf5 28. Bd2 e4 29. Ng1 e3 30. fxe3 Nxe3
31. Nf3 Nxd1 32. Rxd1 Ne5 33. Nd4 c5 34. Nf5 c4 35. Bc2 Nd3 36. Nd4 Nxb2 37. Rf1 Bc5 38. Nf3 Be3 39. Be1 Nd3 40. Bg3 Bf4
41. Rd1 Bxg3+ 42. Kxg3 Re2 43. Nd4 Re3+ 44. Kh2 Nc5 45. Rf1 Rxc3
0-1

[Event "Rubistein"]
[Site "SchemingMind.com"]
[Date "2012.03.01"]
[Round "-"]
[White "keen"]
[Black "emvarela"]
[Result "1-0"]
[WhiteCountry "SCO"]
[BlackCountry "ARG"]
[WhiteElo "1697"]
[WhiteRD "59"]
[BlackElo "1803"]
[BlackRD "48"]
[GameID "304394"]

1. e4 e5 2. Nf3 Nc6 3. Bb5 f5 4. d3 fxe4 5. dxe4 Nf6 6. Nc3 Bb4 7. O-O Bxc3 8. Bxc6 bxc6 9. bxc3 O-O 10. Bg5 d6
11. Qd3 h6 12. Bh4 Be6 13. Rfe1 Qd7 14. Rad1 c5 15. Bxf6 gxf6 16. Nh4 Kh7 17. Re3 c4 18. Qd2 Rg8 19. Rde1 Rg7 20. Rf3 Qf7
21. Qe3 Bg4 22. Rg3 c5 23. h3 Be6 24. Qf3 Rag8 25. Nf5 Rxg3 26. Nxg3 Rg5 27. Rd1 d5 28. exd5 Bc8 29. Ne4 Rf5 30. Qg4 Rf4
31. Qxc8 Rxe4 32. d6 Qh5 33. Rb1
1-0

[Event "Rubistein"]
[Site "SchemingMind.com"]
[Date "2012.02.29"]
[Round "-"]
[White "jtrochez1"]
[Black "keen"]
[Result "0-1"]
[WhiteCountry "HON"]
[BlackCountry "SCO"]
[WhiteElo "1553"]
[WhiteRD "50"]
[BlackElo "1666"]
[BlackRD "60"]
[GameID "304395"]

1. e4 e5 2. Bc4 Nf6 3. d3 Bc5 4. h3 O-O 5. Bg5 d6 6. Nd2 Nbd7 7. Ngf3 h6 8. Bh4 a6 9. a3 c6 10. O-O b5
11. Ba2 Bb7
0-1

[Event "Rubistein"]
[Site "SchemingMind.com"]
[Date "2012.02.29"]
[Round "-"]
[White "fouche"]
[Black "keen"]
[Result "0-1"]
[WhiteCountry "COL"]
[BlackCountry "SCO"]
[WhiteElo "1554"]
[WhiteRD "85"]
[BlackElo "1666"]
[BlackRD "60"]
[GameID "304396"]

1. e4 e5 2. Nf3 Nc6 3. Bc4 Bc5 4. O-O Nf6 5. Re1 O-O 6. Nxe5 Nxe5 7. d4 Nxc4 8. dxc5 Qe7 9. Nc3 Qxc5 10. b3 Ne5
11. Bb2 Nfg4 12. Qe2 d6 13. Na4 Qc6 14. h3 Nf6 15. f3 Qd7 16. Rad1 Re8 17. c4 b6 18. f4 Ng6 19. Qf3 Bb7 20. e5 Bxf3
21. gxf3 Qxh3 22. exf6 Rxe1+ 23. Rxe1 Qg3+ 24. Kf1 Qxf3+ 25. Kg1 Nxf4
0-1

[Event "Rubistein"]
[Site "SchemingMind.com"]
[Date "2012.02.28"]
[Round "-"]
[White "smothered mate"]
[Black "keen"]
[Result "1-0"]
[WhiteCountry "POL"]
[BlackCountry "SCO"]
[WhiteElo "1994"]
[WhiteRD "71"]
[BlackElo "1666"]
[BlackRD "60"]
[GameID "304397"]

1. d4 d5 2. c4 e6 3. a3 c6 4. Nf3 dxc4 5. e4 Nf6 6. Nc3 Be7 7. Bxc4 Nbd7 8. O-O O-O 9. Qe2 Nb6 10. Ba2 Qc7
11. h3 Bd7 12. Be3 Rad8 13. Rac1 Rfe8 14. Rfd1 Bc8 15. Qc2 h6 16. e5 Nfd5 17. Bb1 g6 18. Bxh6 Kh7 19. Bg5 Rh8 20. Ne4 Kg8
21. Nf6+ Nxf6 22. exf6 Bd6 23. Nh4 Rxh4 24. Bxh4 Bf4 25. Bg3 Bxg3 26. fxg3 Qxg3 27. Qd2 Nd5 28. Rf1 Kh7 29. Rf3 Qh4 30. Rcf1 Rh8
31. g3 Qh5 32. Rf4 Nxf4 33. Rxf4
1-0

[Event "Rubistein"]
[Site "SchemingMind.com"]
[Date "2012.02.29"]
[Round "-"]
[White "Francisco Aquino"]
[Black "keen"]
[Result "0-1"]
[WhiteCountry "BRA"]
[BlackCountry "SCO"]
[WhiteElo "1727"]
[WhiteRD "71"]
[BlackElo "1666"]
[BlackRD "60"]
[GameID "304398"]

1. e4 e5 2. Nf3 Nc6 3. Bb5 a6 4. Ba4 Nf6 5. O-O Be7 6. Bxc6 dxc6 7. Nxe5 Nxe4 8. Re1 Qd4 9. Qf3 Ng5 10. Qe3 Qxe3
11. dxe3 Bf5 12. c3 f6 13. Nc4 O-O-O 14. Nbd2 Bd3 15. b3 Rd7 16. h4 Ne6 17. Ba3 c5 18. Nf3 Rhd8 19. Ncd2 Bb5 20. Ne4 Bc6
21. Ng3 g6 22. Bb2 Bxf3 23. gxf3 Rd2 24. Re2 Rxe2 25. Nxe2 Rd2 26. Ng3 Rxb2 27. Ne4 b6 28. c4 f5 29. Ng3 Bxh4 30. Kg2 f4
31. exf4 Nxf4+ 32. Kf1 Nd3 33. Ne4 Nxf2 34. Nxf2 Rxf2+ 35. Kg1 Rxf3 36. Kg2 Rf2+ 37. Kh3 g5 38. Kg4 Rf4+ 39. Kh5 Rd4 40. a3 Kd7
41. Kh6 Rd3 42. Kxh7 Rxb3 43. Rd1+ Kc6 44. Rf1 Rxa3
0-1

[Event "Rubistein"]
[Site "SchemingMind.com"]
[Date "2012.03.01"]
[Round "-"]
[White "emvarela"]
[Black "keen"]
[Result "0-1"]
[WhiteCountry "ARG"]
[BlackCountry "SCO"]
[WhiteElo "1819"]
[WhiteRD "48"]
[BlackElo "1666"]
[BlackRD "60"]
[GameID "304399"]

1. d4 Nf6 2. c4 e6 3. Nc3 Bb4 4. Qc2 c5 5. dxc5 Nc6 6. Nf3 Qa5 7. Bd2 d5 8. e3 Bxc5 9. Nb5 Qb6 10. cxd5 Nxd5
11. Rc1 Be7 12. e4 Nf6 13. Be3 Qd8 14. Bd3 Nb4
0-1

[Event "Rubistein"]
[Site "SchemingMind.com"]
[Date "2012.03.27"]
[Round "-"]
[White "capablanca"]
[Black "keen"]
[Result "0-1"]
[WhiteCountry "GER"]
[BlackCountry "SCO"]
[WhiteElo "1659"]
[WhiteRD "62"]
[BlackElo "1697"]
[BlackRD "59"]
[GameID "306741"]

1. e4 e5 2. Nf3 Nc6 3. Bc4 Bc5 4. c3 Nf6 5. d3 O-O 6. O-O d6 7. Nbd2 Bg4 8. h3 Bd7 9. Re1 a6 10. Nf1 Na5
11. Bb3 Nxb3 12. axb3 h6 13. Be3 Bxe3 14. Nxe3 c6 15. b4 Qc8 16. c4 Qc7 17. b3 Qb6 18. Qd2 Be6 19. Nh4 g6 20. Nc2 Kg7
21. Re3 Rh8 22. Rg3 Qd8 23. Ne3 Nh5 24. Nhf5+ Kf8 25. Rf3 gxf5 26. Nxf5 Nf4 27. Kh2 Bxf5 28. exf5 Qf6 29. d4 Qxf5 30. dxe5 dxe5
31. Qd6+ Kg7 32. Rg3+ Kh7 33. Re1 Rhe8 34. Rge3 Rad8 35. Qc7 Rd7 36. Qa5 f6 37. Rg3 Qc2 38. Qc5 Nd3
0-1

[Event "Rubistein"]
[Site "SchemingMind.com"]
[Date "2012.03.28"]
[Round "-"]
[White "capablanca"]
[Black "fouche"]
[Result "1-0"]
[WhiteCountry "GER"]
[BlackCountry "COL"]
[WhiteElo "1659"]
[WhiteRD "62"]
[BlackElo "1578"]
[BlackRD "76"]
[GameID "306742"]

1. e4 c5 2. Nf3 Nc6 3. d4 cxd4 4. Nxd4 Nf6 5. Nc3 e5 6. Nb3 Bb4 7. Bg5 d6 8. Qd3 Bd7 9. O-O-O Qe7 10. Nd5 Qd8
11. Nxb4 Nxb4 12. Qc4 Nc6 13. Be2 Qb8 14. Rd3 a5 15. Bxf6 gxf6 16. Rhd1 Ke7 17. Rxd6 Qxd6 18. Rxd6 Kxd6 19. Qxf7 Raf8 20. Qd5+ Kc7
21. Nc5 Rd8 22. c3 Rhe8 23. Qc4 h5 24. Bxh5 Re7 25. Qb5 Bc8 26. h3 Kb8 27. Bg4 Ka7 28. Bxc8 Rxc8 29. Na4 Kb8 30. Nb6 Rd8
31. Nd5
1-0